000 00642nam a2200241Ia 4500
003 OSt
005 20220918214522.0
006 a|||||r|||| 00| 0
007 ta
008 220917b |||||||| |||| 00| 0 eng d
024 _a137,825
037 _cTextual
040 _aARTS
_cARTS
_beng
041 _2eng
_aeng
082 _aY:1v7, L8
100 _aKnudson S J
_9131600
245 0 _aCulture in retrospect
_b an introduction to archaeology
260 _aChicago
_bRand Mcnally College
_c1978
300 _a555p.
_ccm.
650 _aSOCIOLOGY
942 _hY:1v7, L8
_cTEXL
_2CC
999 _c260899
_d260899